Mohanjodaro tatha Sindhu Sabhyata (Record no. 202295)

MARC details
000 -LEADER
fixed length control field 00373nam a2200145Ia 4500
008 - FIXED-LENGTH DATA ELEMENTS--GENERAL INFORMATION
fixed length control field 230917s9999||||xx |||||||||||||| ||und||
040 ## - CATALOGING SOURCE
-- 143194
Original cataloging agency VIVEKANANDA LIBRARY
041 ## - Language
-- English
082 ## - DDC NUMBER
Classification number 954.01 K124M
100 ## - MAIN ENTRY--PERSONAL NAME
Personal name Kala, Satishchandra
245 #0 - TITLE STATEMENT
Title Mohanjodaro tatha Sindhu Sabhyata
260 ## - PUBLICATION, DISTRIBUTION, ETC. (IMPRINT)
Place of publication, distribution, etc Kashi
Name of publisher, distributor, etc Nagripracharini Sabha
Date of publication, distribution, etc [n.d.]
300 ## - PHYSICAL DESCRIPTION
Pages 210 p.
942 ## - ADDED ENTRY ELEMENTS (KOHA)
Koha item type Books
Holdings
Withdrawn status Lost status Damaged status Not for loan Location (home branch) Sublocation or collection (holding branch) Date acquired Koha issues (times borrowed) Koha full call number Accession No. Koha date last seen Koha item type
        VIVEKANANDA LIBRARY VIVEKANANDA LIBRARY 08/03/2010   954.01 K124M 6186 17/09/2023 Books
© Designed and Maintained by Vivekananda Library, MDU Rohtak